| 000 | 00521nam a2200181Ia 4500 | ||
|---|---|---|---|
| 003 | LK-CoDNM | ||
| 008 | 010623t1998 xxu||||| |||| 00| 1 sin d | ||
| 040 |
_aLK-CoDNM _dLK-CoDNM _eLK-CoDNM |
||
| 041 | _asin | ||
| 080 |
_a792.2 _bAET |
||
| 100 | _aAethugala, Ariyarathna | ||
| 245 | _aතුංබිය රූපවාහිනී තිරනාටකය | ||
| 246 | _aThunbiya rupavahini thira natakaya | ||
| 260 |
_bRathna prakashakayo _aColombo _c1998 |
||
| 300 | _b150, 21 cm | ||
| 650 | _aCinema | ||
| 942 | _cBK | ||
| 999 |
_c118901 _d118901 |
||